000 00639nam a22001577a 4500
005 20250424164320.0
008 241211b |||||||| |||| 00| 0 eng d
020 _a9780406029171
050 _aLRC 93 VOL. 1
245 _aLaw Reports of the Commonwealth 1993 Vol. 1
260 _aLondon, UK
_bButterworths
_c1993
300 _axxix, 887 pages
_c24 cm
500 _aGeneral Editors: Read James S. Prof. LL.B. of Gray’s Inn, Barrister. Slinn Peter E. M.A., PhD., Solicitor, England and Wales. Managing Editor: Edwards Radhika LL.B. of the Inner Temple, Barrister.
650 _2Law Reports
_xCommonwealth Nations
942 _2lcc
_cBK
_n0
999 _c2057
_d2057